Vocabulaire - De la même famille ! - Statistiques

Statistiques générales
  • Ce quiz a été pris 176 fois
  • Le résultat moyen est 13 sur 30
Statistiques - réponses
INDICES REPONSE % Correct
Londres - Alger - Berne Capitale
87%
Orme - Peuplier - Pin Arbre
86%
Chat - puma - tigre Félin
86%
Skiff - Barque - Goëlette Bateau
74%
Ouïe - vue - toucher Sens
68%
Lit - table - chaise Meuble
63%
NRJ - Europe 1 - RTL Radio
61%
Borsalino - canotier - panama Chapeau
59%
Pie V - Benoit XVI - Grégoire VI Pape
59%
Libre - Papillon - Dos Nage
54%
Monokini - trikini - bikini Maillot de bain
53%
Or - étain - cuivre Métal
53%
Automobile - camion - moto Véhicule
50%
Flageolet - Traversière - Galoubet Flûte
48%
Halogène - led - incandescence Lampe
48%
Avril - août - octobre Mois
48%
Janvier - février - mars Hiver
44%
Juin - Joffre - Foch Maréchal
39%
Trapèze - Triangle - Carré Figure
32%
Paul - Pierre - Philippe Apôtre
30%
Ananas - Litchi - Banane Fruit exotique
26%
Piano - Harmonium - Clavecin Clavier
25%
Médaille - coupe - flot Récompense
25%
Tennis - Squash - Badminiton Sport de raquette
25%
Oise - Nord - Aisne Hauts-de-France
22%
Henri IV - Charles X - Louis XV Bourbon
19%
Ohio - Californie - Kansas Etats des Etats-Unis
15%
Poids - disque - javelot Sport de lancer
10%
Dates - Noix - Fougasse 13 desserts
5%
Raisin - Jésus - Coquille Format de papier
0%
Aucun quiz correspondant
Distribution des résultats
% des personnes avec chaque résultat
Percentile par nombre de réponses
Votre historique - résultats
Vous n’avez pas pris ce quiz